El cementerio de automóviles (Record no. 26561)

MARC details
000 -LEADER
campo de control de longitud fija 00755nam a2200229 i 4500
001 - NÚMERO DE CONTROL
campo de control 26561
003 - IDENTIFICADOR DE NÚMERO DE CONTROL
campo de control ES-MaACL
005 - FECHA Y HORA DE LA ÚLTIMA TRANSACCIÓN
campo de control 20240409174821.0
007 - CAMPO FIJO DE DESCRIPCIÓN FÍSICA--INFORMACIÓN GENERAL
campo de control de longitud fija t|
008 - DATOS DE LONGITUD FIJA--INFORMACIÓN GENERAL
campo de control de longitud fija 030109s1984 sp ||||1| spa d
100 1# - ENTRADA PRINCIPAL--NOMBRE DE PERSONA
Nombre de persona Arrabal, Fernando,
Fechas asociadas al nombre 1932-
9 (RLIN) 23204
245 13 - MENCIÓN DEL TÍTULO
Título El cementerio de automóviles
Resto del título : ; El Arquitecto y El Emperador de Asiria /
Mención de responsabilidad, etc. Fernando Arrabal ; edición de Diana Taylor.
260 ## - PUBLICACIÓN, DISTRIBUCIÓN, ETC.
Lugar de publicación, distribución, etc. [Madrid] :
Nombre del editor, distribuidor, etc. Cátedra,
Fecha de publicación, distribución, etc. [1984]
300 ## - DESCRIPCIÓN FÍSICA
Extensión 234 p. ;
Dimensiones 18 cm.
490 1# - MENCIÓN DE SERIE
Mención de serie Letras hispánicas ;
Designación de volumen o secuencia 198
700 1# - ENTRADA AGREGADA--NOMBRE PERSONAL
Nombre de persona Taylor, Diana.
9 (RLIN) 109437
740 3# - ENTRADA AGREGADA--TÍTULO RELACIONADO/ANALÍTICO NO CONTROLADO
Título relacionado o analítico no controlado El Arquitecto y El Emperador de Asiria.
830 00 - PUNTO DE ACCESO ADICIONAL DE SERIE-TÍTULO UNIFORME
Título uniforme Letras hispánicas ;
Designación de volumen o secuencia 198
9 (RLIN) 235703
852 ## - LOCALIZACIÓN
Ubicación ES-MaACL
Número de control de estantería L-6462
Sublocalización o colección R.106899
942 ## - ELEMENTOS DE ENTRADA SECUNDARIOS (KOHA)
Fuente del sistema de clasificación o colocación Clasificación decimal universal
Holdings
Estatus retirado Estado de pérdida Estado de daño No para préstamo Biblioteca de origen Biblioteca actual Ubicación en estantería Fecha de adquisición Fuente de adquisición Total de préstamos Signatura topográfica completa Código de barras Visto por última vez Precio de reemplazo Tipo de ítem Koha
        Biblioteca del Ateneo de Madrid Biblioteca del Ateneo de Madrid Depósito 2 17/01/2008     L-6462 1027412 23/02/2023 23/02/2023 Libro impreso